000 00357 a2200169 4500
001 17907
020 _a9788573195477
040 _cAnchieta - Bela Vista
100 _aFrança, Mary
240 1 0 _aCadê o rato?
_lpor
245 1 0 _aCadê o rato?
300 _a24
362 0 _a2010
440 1 _aDimensão
650 4 _aLiteratura infantil
942 _cBK
999 _c17907
_d17907